[Event "Zadrugar-Ribnica"]
[Site "?"]
[Date "2005.09.26"]
[Round "2.1"]
[White "Sahovic, Dragutin"]
[Black "Miletic, Slobodan"]
[Result "1/2-1/2"]
[WhiteElo "2279"]
[BlackElo "2138"]
[PlyCount "127"]
[EventDate "2005.09.26"]

1. d4 Nf6 2. c4 e6 3. Nf3 b6 4. g3 Bb7 5. Bg2 Bb4+ 6. Bd2 Be7 7. Nc3 O-O 8. Qc2
d5 9. cxd5 exd5 10. O-O c5 11. dxc5 bxc5 12. Rfd1 Nbd7 13. Nh4 g6 14. Bh6 Re8
15. Nxd5 Nxd5 16. Bxd5 Bxd5 17. Rxd5 Qc7 18. Nf3 Nb6 19. Qc3 f6 20. Rd2 Red8
21. Rad1 Rxd2 22. Rxd2 Rd8 23. h4 Rxd2 24. Qxd2 Qc6 25. Qa5 Qd7 26. Kg2 Kf7 27.
Qa6 Bd6 28. b3 Be7 29. a4 Nd5 30. Qc4 Qe6 31. Nd2 Nc7 32. e4 Qxc4 33. Nxc4 Ne6
34. Be3 Nd8 35. Na5 a6 36. Kf3 Ke6 37. Ke2 Kd7 38. Kd3 Nc6 39. Nxc6 Kxc6 40. f3
h5 41. g4 Bd6 42. gxh5 gxh5 43. f4 Be7 44. f5 Bd6 45. Bf2 Be5 46. Kc4 Bd6 47.
Be1 Bc7 48. Bc3 Bd8 49. Kd3 Kd7 50. Ke3 Ke8 51. Kf4 Kf7 52. Be1 Bc7+ 53. Ke3
Ke8 54. Bc3 Bd8 55. Be1 Bc7 56. Bf2 Kd7 57. Kf3 Bd6 58. Bg3 Be7 59. Bh2 Kc6 60.
Ke3 c4 61. bxc4 Kc5 62. e5 Kxc4 63. exf6 Bxf6 64. Bg3 1/2-1/2

[Event "Zadrugar-Ribnica"]
[Site "?"]
[Date "2005.09.26"]
[Round "2.1"]
[White "Sekulic, Dusan"]
[Black "Nikolajevic, Branislav"]
[Result "1/2-1/2"]
[WhiteElo "2366"]
[BlackElo "2121"]
[PlyCount "74"]
[EventDate "2005.09.26"]

1. d4 Nf6 2. Nf3 e6 3. c4 Bb4+ 4. Nbd2 b6 5. a3 Bxd2+ 6. Qxd2 Bb7 7. e3 d6 8.
Be2 Nbd7 9. O-O Qe7 10. Ne1 c5 11. b4 cxd4 12. Qxd4 e5 13. Qd1 O-O 14. f3 d5
15. Bb2 Rfd8 16. Qb3 Rac8 17. Rd1 Nf8 18. Nc2 Ng6 19. Rfe1 dxc4 20. Bxc4 Bd5
21. Bxd5 Rxd5 22. e4 Rxd1 23. Rxd1 Rd8 24. Ne3 h5 25. g3 Rxd1+ 26. Qxd1 Qc7 27.
Qd3 h4 28. a4 Nh5 29. Kf2 hxg3+ 30. hxg3 Qc8 31. Nf5 Qc6 32. Qb3 a5 33. Bxe5
Qc1 34. Qc3 Nxe5 35. Qxe5 Qd2+ 36. Kf1 Qd1+ 37. Kf2 Qd2+ 1/2-1/2

[Event "Ribnica-Zadrugar"]
[Site "?"]
[Date "2005.09.26"]
[Round "2.1"]
[White "Nesic, Dragisa"]
[Black "Trifunovic, Miroljub"]
[Result "0-1"]
[WhiteElo "2068"]
[BlackElo "2265"]
[PlyCount "114"]
[EventDate "2005.09.26"]

1. b3 d5 2. Bb2 c5 3. e3 Nc6 4. Bb5 Qc7 5. d4 a6 6. Bxc6+ Qxc6 7. dxc5 Qxc5 8.
Nf3 Nf6 9. O-O Bg4 10. Nbd2 e6 11. c4 Be7 12. h3 Bh5 13. Rc1 Qa5 14. Bc3 Bb4
15. Bxb4 Qxb4 16. cxd5 exd5 17. Qc2 O-O 18. Qc5 a5 19. a3 Qxc5 20. Rxc5 Rfd8
21. Rfc1 Bg6 22. Rb5 Rdb8 23. Ne5 b6 24. Ng4 a4 25. Nxf6+ gxf6 26. b4 Rc8 27.
Rxc8+ Rxc8 28. Rxd5 Rc3 29. Rb5 Rxa3 30. Rxb6 Ra2 31. Nc4 Bd3 32. Rb8+ Kg7 33.
Nb6 a3 34. Ra8 Ra1+ 35. Kh2 a2 36. Ra3 Bf5 37. Na4 Be6 38. Nc3 Rc1 39. Nxa2 Ra1
40. Kg3 Rxa2 41. Rd3 Rb2 42. Rd4 Rb1 43. Kh2 Bc8 44. Kg3 f5 45. Rc4 Bb7 46. f3
Rb2 47. Rd4 Ba6 48. Kf4 Rxg2 49. Kxf5 Bc8+ 50. Ke5 Rg3 51. Kf4 Rxh3 52. Rd8 Bb7
53. e4 Rh5 54. Rd7 Rb5 55. Rd4 Rb6 56. Kg4 Kg6 57. f4 Bxe4 0-1

[Event "Sloboda Bohor-Sloga"]
[Site "?"]
[Date "2005.09.26"]
[Round "2.2"]
[White "Misailovic, Nebojsa"]
[Black "Organdzijev, Oliver"]
[Result "1/2-1/2"]
[WhiteElo "2357"]
[BlackElo "2326"]
[PlyCount "105"]
[EventDate "2005.09.26"]

1. e4 e6 2. d4 d5 3. exd5 exd5 4. Nf3 Nf6 5. Bd3 Bg4 6. O-O Be7 7. Nbd2 O-O 8.
Re1 Nbd7 9. Nf1 Bd6 10. Ne3 Be6 11. Nf5 Bxf5 12. Bxf5 c6 13. Bg5 Qc7 14. c3
Rfe8 15. Qc2 g6 16. Bd3 Bf4 17. Bh4 Kg7 18. b3 h6 19. c4 Qa5 20. Bg3 Bxg3 21.
hxg3 Qc7 22. Qb2 Nf8 23. Re5 Re6 24. Rae1 Rae8 25. cxd5 Nxd5 26. Bc4 f6 27.
Rxe6 Rxe6 28. Rxe6 Nxe6 29. Bxd5 cxd5 30. Qe2 Qb6 31. Qd3 g5 32. Qf5 Nxd4 33.
Qxd5 Nxf3+ 34. gxf3 Qc7 35. Kg2 h5 36. Qd4 b6 37. Qe4 a5 38. a3 Qc5 39. b4 axb4
40. axb4 Qb5 41. Qe7+ Kg6 42. Qf8 Qc6 43. Qg8+ Kh6 44. Qh8+ Kg6 45. Qg8+ Kh6
46. Qb3 Kg7 47. b5 Qc5 48. Qd3 Kf8 49. Qd8+ Kf7 50. Qd7+ Kf8 51. Qe6 Qd4 52.
Qf5 Kg7 53. Qe6 1/2-1/2

[Event "Sloga-Sloboda Bohor"]
[Site "?"]
[Date "2005.09.26"]
[Round "2.2"]
[White "Panic, Nenad"]
[Black "Djokic, Vladan"]
[Result "1-0"]
[WhiteElo "2314"]
[BlackElo "2294"]
[PlyCount "49"]
[EventDate "2005.09.26"]

1. d4 Nf6 2. Nf3 e6 3. Bf4 c5 4. e3 b6 5. Nbd2 Bb7 6. Bd3 cxd4 7. exd4 Nc6 8.
c3 Be7 9. O-O O-O 10. h3 Nd5 11. Bh2 f5 12. Qe2 Na5 13. c4 Nf6 14. a3 Kh8 15.
Rfe1 Nc6 16. b4 a6 17. d5 exd5 18. b5 dxc4 19. bxc6 cxd3 20. Qxe7 Bxc6 21. Qxd8
Raxd8 22. Bc7 Rc8 23. Bxb6 Ne4 24. Re3 Rb8 25. Bd4 1-0

[Event "Sloga-Sloboda Bohor"]
[Site "?"]
[Date "2005.09.26"]
[Round "2.2"]
[White "Jovic, Stanoje"]
[Black "Civric, Zdravko"]
[Result "1/2-1/2"]
[WhiteElo "2327"]
[BlackElo "2200"]
[PlyCount "116"]
[EventDate "2005.09.26"]

1. e4 c6 2. d4 d5 3. e5 Bf5 4. Nc3 h5 5. Nge2 h4 6. Nf4 e6 7. Bd3 Nh6 8. Be3 a6
9. O-O c5 10. Nce2 c4 11. Bxf5 Nxf5 12. b3 Qc7 13. Rb1 b5 14. Nc3 cxb3 15. Rxb3
Qd7 16. Qf3 Nc6 17. Rd1 Rd8 18. Rbb1 Na5 19. Re1 Qc6 20. Ncxd5 Rxd5 21. Nxd5
Qxd5 22. Qxd5 exd5 23. a4 b4 24. Bd2 Nc6 25. c4 a5 26. cxd5 Ncxd4 27. Rbc1 Nb3
28. Rc2 Nxd2 29. Rxd2 Be7 30. Rc2 Kd7 31. Rec1 Rb8 32. Rc7+ Ke8 33. d6 Bd8 34.
R7c4 Kd7 35. g4 hxg3 36. hxg3 Bb6 37. Kg2 Nd4 38. f4 Ne2 39. R1c2 Nc3 40. R2xc3
bxc3 41. Rxc3 Bd8 42. Rc2 Rb4 43. Ra2 f6 44. Re2 Rxa4 45. e6+ Kxd6 46. Rd2+ Ke7
47. Rd7+ Ke8 48. Rxg7 Be7 49. f5 Rb4 50. Rh7 a4 51. Rh8+ Bf8 52. Rh7 a3 53. Ra7
Rb5 54. g4 Bd6 55. Kf3 Rb4 56. Ra6 Ke7 57. Ra7+ Ke8 58. Ra6 Rd4 1/2-1/2

[Event "Sloga-Sloboda Bohor"]
[Site "?"]
[Date "2005.09.26"]
[Round "2.2"]
[White "Djokic, Nebojsa"]
[Black "Andric, Zoran"]
[Result "1/2-1/2"]
[WhiteElo "2236"]
[BlackElo "2260"]
[PlyCount "33"]
[EventDate "2005.09.26"]

1. e4 c5 2. Nf3 e6 3. d4 cxd4 4. Nxd4 a6 5. c4 Nf6 6. Nc3 Qc7 7. Bd3 Nc6 8.
Nxc6 dxc6 9. O-O e5 10. Qe2 Bc5 11. Be3 Bxe3 12. Qxe3 O-O 13. Na4 Be6 14. c5
Rad8 15. b3 Rd4 16. Rfd1 Rfd8 17. f3 1/2-1/2

[Event "Sloboda Bohor-Sloga"]
[Site "?"]
[Date "2005.09.26"]
[Round "2.2"]
[White "Zivanic, Slobodan"]
[Black "Zivkovic, Momcilo"]
[Result "1/2-1/2"]
[WhiteElo "2262"]
[BlackElo "2148"]
[PlyCount "40"]
[EventDate "2005.09.26"]

1. e4 e6 2. d4 d5 3. Nd2 c5 4. Ngf3 Nc6 5. exd5 Qxd5 6. Bc4 Qh5 7. dxc5 Qxc5 8.
O-O Nf6 9. Qe2 Bd7 10. Rd1 Be7 11. Nb3 Qh5 12. Bf4 a6 13. a4 O-O 14. c3 Rfe8
15. Bg3 Bf8 16. Nbd4 Nxd4 17. Rxd4 Bc6 18. Ne5 Qxe2 19. Bxe2 Bd5 20. c4 Be4
1/2-1/2

[Event "INADizajn-Jasenica"]
[Site "?"]
[Date "2005.09.26"]
[Round "2.3"]
[White "Andonov, Bogumil"]
[Black "Djoric, Dusan"]
[Result "1-0"]
[WhiteElo "2418"]
[BlackElo "2316"]
[PlyCount "93"]
[EventDate "2005.09.26"]

1. Nf3 Nf6 2. c4 c5 3. Nc3 Nc6 4. d4 cxd4 5. Nxd4 g6 6. e4 d6 7. Be2 Nxd4 8.
Qxd4 Bg7 9. Be3 O-O 10. Qd2 Be6 11. f3 Qa5 12. Rc1 Rfc8 13. b3 a6 14. Na4 Qxd2+
15. Kxd2 Nd7 16. Rc2 f5 17. exf5 Bxf5 18. Rcc1 Be6 19. Bd3 d5 20. cxd5 Bxd5 21.
Nc3 e6 22. Nxd5 exd5 23. Rxc8+ Rxc8 24. Rc1 Rxc1 25. Kxc1 Kf7 26. Kd2 Ke6 27.
Ke2 Ne5 28. Bb1 Nc6 29. f4 Nd4+ 30. Kf2 Nf5 31. Bd2 h5 32. g3 Bd4+ 33. Kf3 Bc5
34. h3 Nd4+ 35. Kg2 Kf7 36. Bd3 Nf5 37. g4 hxg4 38. hxg4 Nd4 39. Bc3 Ba7 40.
Kg3 Bb6 41. Bd2 Bc7 42. Kf2 Ne6 43. f5 gxf5 44. Bxf5 Bb6+ 45. Kg3 Bc7+ 46. Kf3
Bd6 47. Bd3 {necitko} 1-0

[Event "Jasenica-INADizajn"]
[Site "?"]
[Date "2005.09.26"]
[Round "2.3"]
[White "Milosevic, Slavisa"]
[Black "Muratovic, Alija"]
[Result "1-0"]
[WhiteElo "2291"]
[BlackElo "2417"]
[PlyCount "37"]
[EventDate "2005.09.26"]

1. e4 e5 2. Nf3 Nc6 3. c3 f5 4. d4 fxe4 5. Nxe5 Nf6 6. Bb5 Be7 7. O-O a6 8. Ba4
Na7 9. f3 exf3 10. Qxf3 O-O 11. Bg5 d5 12. Nd2 c6 13. Bc2 Qe8 14. Qg3 Nh5 15.
Qh4 Bxg5 16. Qxg5 Nf6 17. Qh4 Qh5 18. Qxh5 Nxh5 19. Bxh7+ 1-0

[Event "INADizajn-Jasenica"]
[Site "?"]
[Date "2005.09.26"]
[Round "2.3"]
[White "Milisavljevic, Milisav"]
[Black "Stankovic, Dragan"]
[Result "0-1"]
[WhiteElo "2182"]
[BlackElo "2332"]
[PlyCount "86"]
[EventDate "2005.09.26"]

1. c4 Nf6 2. Nf3 g6 3. g3 Bg7 4. Bg2 O-O 5. O-O d5 6. cxd5 Nxd5 7. Nc3 Nxc3 8.
bxc3 c5 9. Qb3 Qc7 10. d4 Nc6 11. Bf4 Qb6 12. Rfd1 Na5 13. Qa4 Be6 14. Rab1 Qa6
15. Ng5 Bc4 16. Ne4 b6 17. e3 cxd4 18. cxd4 Rac8 19. Nc3 Rfd8 20. Rbc1 h6 21.
g4 b5 22. Qa3 Bf8 23. Qb2 Nc6 24. a3 e6 25. Ra1 Na5 26. Ne4 Bg7 27. Rac1 f5 28.
gxf5 exf5 29. Nd2 g5 30. Be5 Bf8 31. Nxc4 Nxc4 32. Qb1 Nxe5 33. dxe5 Rxc1 34.
Qxc1 Qxa3 35. Qb1 Rxd1+ 36. Qxd1 Qc5 37. Qb3+ Kg7 38. Qe6 Qe7 39. Qxf5 Qf7 40.
Qd3 b4 41. Bd5 Qg6 42. Be4 Qe6 43. Qd4 Be7 $138 0-1

[Event "Jasenica-INADizajn"]
[Site "?"]
[Date "2005.09.26"]
[Round "2.3"]
[White "Rihterovic, Milan"]
[Black "Djakovac, Enes"]
[Result "0-1"]
[WhiteElo "2249"]
[BlackElo "2211"]
[PlyCount "70"]
[EventDate "2005.09.26"]

1. c4 c6 2. d4 d5 3. Nf3 Nf6 4. Nc3 dxc4 5. a4 Bf5 6. e3 Na6 7. Bxc4 Nb4 8. O-O
e6 9. a5 Be7 10. Ne5 O-O 11. Qe2 Bc2 12. Na2 Be4 13. f3 Bd5 14. Nxb4 Bxb4 15.
a6 Rb8 16. Bd3 Kh8 17. Kh1 Qc7 18. e4 Bb3 19. f4 Nd7 20. Nxd7 Qxd7 21. Be3 Rfd8
22. f5 e5 23. Qh5 f6 24. Rf3 exd4 25. Bf4 Bd6 26. Rh3 Bg8 27. Bd2 b5 28. Rf1 c5
29. Rff3 c4 30. Bc2 b4 31. Qg6 Qe8 32. Rh5 Qxg6 33. fxg6 Be5 34. gxh7 Be6 35.
Rh4 d3 0-1

[Event "Jastrebac-Metalac Takovo"]
[Site "?"]
[Date "2005.09.26"]
[Round "2.4"]
[White "Kukov, Velislav"]
[Black "Kojovic, Dragan"]
[Result "0-1"]
[WhiteElo "2258"]
[BlackElo "2324"]
[PlyCount "90"]
[EventDate "2005.09.26"]

1. Nf3 Nf6 2. c4 e6 3. d4 b6 4. Nc3 Bb4 5. g3 Bb7 6. Bg2 Ne4 7. Qc2 O-O 8. Ng5
f5 9. Ngxe4 fxe4 10. Bxe4 Bxe4 11. Qxe4 Nc6 12. O-O Qf6 13. Be3 Bxc3 14. bxc3
Rae8 15. Qd3 Qf7 16. Rad1 e5 17. d5 e4 18. Qc2 Na5 19. Qa4 d6 20. c5 Re5 21.
cxd6 cxd6 22. Bf4 Rxd5 23. Qxe4 Rxd1 24. Rxd1 Nc4 25. Qd5 Rc8 26. e4 Qxd5 27.
Rxd5 Rc6 28. Kf1 Kf7 29. Ke2 Ke6 30. Kd3 h6 31. h4 Rc7 32. Bd2 Ne5+ 33. Ke2 Rc4
34. Rd4 Rc5 35. Ra4 a5 36. Be3 Rb5 37. Bd4 Rb2+ 38. Ke3 b5 39. Bxe5 bxa4 40.
Bxg7 a3 41. f4 h5 42. Kd3 Rxa2 43. c4 Rg2 44. Kc3 Rxg3+ 45. Kc2 Rxg7 0-1

[Event "Metalac Takovo-Jastrebac"]
[Site "?"]
[Date "2005.09.26"]
[Round "2.4"]
[White "Rabrenovic, Vladan"]
[Black "Zafirovski, Mite"]
[Result "1/2-1/2"]
[WhiteElo "2319"]
[BlackElo "2292"]
[PlyCount "25"]
[EventDate "2005.09.26"]

1. d4 Nf6 2. c4 e6 3. Nc3 Bb4 4. g3 c5 5. Nf3 cxd4 6. Nxd4 O-O 7. Bg2 d5 8. O-O
dxc4 9. Qa4 Na6 10. Ndb5 Nd5 11. Rd1 Bxc3 12. Nxc3 Nxc3 13. bxc3 1/2-1/2

[Event "Jastrebac-Metalac Takovo"]
[Site "?"]
[Date "2005.09.26"]
[Round "2.4"]
[White "Djordjevic, Nebojsa"]
[Black "Gavrilovic, Leonardo"]
[Result "1/2-1/2"]
[WhiteElo "2266"]
[BlackElo "2264"]
[PlyCount "35"]
[EventDate "2005.09.26"]

1. d4 Nf6 2. c4 e6 3. Nf3 b6 4. e3 Bb7 5. Be2 c5 6. O-O Be7 7. Nc3 cxd4 8. Nxd4
O-O 9. b3 a6 10. Bb2 d6 11. Bf3 Ra7 12. Rc1 Qc7 13. Bxb7 Rxb7 14. Qf3 Rc8 15.
Rfd1 Nbd7 16. h3 Ne5 17. Qe2 Rbb8 18. f4 1/2-1/2

[Event "Metalac Takovo-Jastrebac"]
[Site "?"]
[Date "2005.09.26"]
[Round "2.4"]
[White "Irizanin, Radoje"]
[Black "Milutinovic, Zoran"]
[Result "1-0"]
[WhiteElo "2228"]
[BlackElo "2171"]
[PlyCount "69"]
[EventDate "2005.09.26"]

1. d4 c6 2. Nf3 d5 3. c4 Nf6 4. Nc3 e6 5. Bg5 Nbd7 6. cxd5 exd5 7. e3 Be7 8.
Qc2 O-O 9. Bd3 Re8 10. h3 Nf8 11. O-O-O Ne4 12. Bxe7 Qxe7 13. Bxe4 dxe4 14. Nh2
f5 15. g4 Nd7 16. gxf5 Nf6 17. Kb1 Bxf5 18. f4 Qf7 19. Rc1 Kh8 20. Nf1 Be6 21.
Ka1 Bd5 22. Rg1 Qh5 23. Qg2 Re7 24. Nh2 Qf7 25. Ng4 Nxg4 26. hxg4 Rd8 27. Rh1
Kg8 28. Rh4 g6 29. Rch1 Qf6 30. Rh6 Rd6 31. Qh2 Qg7 32. f5 Rf6 33. fxg6 Rxg6
34. Qb8+ Qf8 35. Rxg6+ 1-0

[Event "Jastrebac-Metalac Takovo"]
[Site "?"]
[Date "2005.09.26"]
[Round "2.4"]
[White "Jovanovic, Dragan"]
[Black "Radivojevic, Miladin"]
[Result "1/2-1/2"]
[WhiteElo "2101"]
[BlackElo "2171"]
[PlyCount "31"]
[EventDate "2005.09.26"]

1. d4 Nf6 2. c4 c5 3. Nf3 g6 4. Nc3 Bg7 5. Bf4 cxd4 6. Nxd4 d6 7. Nf3 O-O 8. e3
Na6 9. Rc1 Qa5 10. Qa4 Qxa4 11. Nxa4 Ne4 12. Nd2 Nxd2 13. Kxd2 Bd7 14. Nc3 Nc5
15. f3 a5 16. b3 1/2-1/2

[Event "Metalac Takovo-Jastrebac"]
[Site "?"]
[Date "2005.09.26"]
[Round "2.4"]
[White "Mirkovic, Stevan"]
[Black "Rilak, Slavoljub"]
[Result "0-1"]
[WhiteElo "2055"]
[BlackElo "2114"]
[PlyCount "82"]
[EventDate "2005.09.26"]

1. Nf3 d5 2. d4 Nf6 3. c4 e6 4. Nc3 a6 5. Bg5 Be7 6. e3 dxc4 7. Bxc4 b5 8. Bd3
Bb7 9. Bxf6 Bxf6 10. Ne4 Nd7 11. Rc1 Rc8 12. b4 Qe7 13. Nc5 Nxc5 14. Rxc5 O-O
15. O-O Qd8 16. Qc2 g6 17. a3 Be7 18. Rc3 Bd6 19. Be4 Bxe4 20. Qxe4 Ra8 21. Ne5
Bxe5 22. Qxe5 Qd6 23. Qe4 a5 24. Rc6 Qe7 25. d5 axb4 26. axb4 Ra4 27. dxe6 Rxb4
28. exf7+ Rxf7 29. Qd5 Kg7 30. Re6 Qf8 31. Qe5+ Kh6 32. f4 Qd8 33. f5 Qd3 34.
h3 Qc2 35. Rf2 Rb1+ 36. Kh2 Qxf2 37. Qe4 Qxf5 38. Qh4+ Qh5 39. Qe4 Rbf1 40. Re5
Qd1 41. Rd5 Qe1 0-1

[Event "VSK Sveti Nikolaj-Borac"]
[Site "?"]
[Date "2005.09.26"]
[Round "2.5"]
[White "Iordachescu, Viorel"]
[Black "Spasov, Vasil"]
[Result "1/2-1/2"]
[WhiteElo "2606"]
[BlackElo "2551"]
[PlyCount "48"]
[EventDate "2005.09.26"]

1. e4 c5 2. Nf3 Nc6 3. d4 cxd4 4. Nxd4 Nf6 5. Nc3 e5 6. Ndb5 d6 7. Bg5 a6 8.
Na3 b5 9. Nd5 Be7 10. Bxf6 Bxf6 11. c3 O-O 12. Nc2 Bg5 13. a4 bxa4 14. Rxa4 a5
15. Bc4 Rb8 16. Ra2 Kh8 17. Nce3 Bxe3 18. Nxe3 Ne7 19. O-O f5 20. exf5 Nxf5 21.
Nxf5 Bxf5 22. b3 Be4 23. Bd5 Bxd5 24. Qxd5 Qc7 1/2-1/2

[Event "Borac-VSK Sveti Nikolaj"]
[Site "?"]
[Date "2005.09.26"]
[Round "2.5"]
[White "Paunovic, Dragan"]
[Black "Stojanovic, Mihajlo"]
[Result "0-1"]
[WhiteElo "2519"]
[BlackElo "2503"]
[PlyCount "111"]
[EventDate "2005.09.26"]

1. d4 d5 2. Nf3 c5 3. dxc5 e6 4. c4 Bxc5 5. e3 Nf6 6. a3 O-O 7. Nc3 Nc6 8. Be2
dxc4 9. Bxc4 Qe7 10. Qc2 b6 11. b4 Bd6 12. Nb5 Ne5 13. Nxd6 Nxf3+ 14. gxf3 Qxd6
15. Bb2 Bb7 16. Rg1 Ne8 17. Rg3 Rc8 18. Qd3 Qxd3 19. Bxd3 f5 20. Ke2 Bd5 21.
Rgg1 Rf7 22. Be5 Rd7 23. Bb5 Bc4+ 24. Bxc4 Rxc4 25. Rac1 Rxc1 26. Rxc1 Kf7 27.
e4 Ke7 28. Ke3 g6 29. h4 Nd6 30. Bxd6+ Kxd6 31. Kf4 e5+ 32. Kg5 Rf7 33. Rd1+
Ke6 34. exf5+ Rxf5+ 35. Kg4 Rf4+ 36. Kg3 Rd4 37. Rc1 Rd3 38. Rc7 Rxa3 39. Rxh7
e4 40. Kf4 Rxf3+ 41. Kxe4 Rb3 42. Rxa7 Rxb4+ 43. Ke3 Rxh4 44. f4 Rh3+ 45. Ke4
Rc3 46. Rg7 Kf6 47. Rd7 Rc4+ 48. Kf3 Rc6 49. Rd5 Ke7 50. f5 Rf6 51. Ke4 Rxf5
52. Rd4 Ke6 53. Rb4 b5 54. Rb1 Re5+ 55. Kd4 Rd5+ 56. Ke4 0-1

[Event "Borac-VSK Sveti Nikolaj"]
[Site "?"]
[Date "2005.09.26"]
[Round "2.5"]
[White "Marinkovic, Ivan"]
[Black "Kostic, Vladimir"]
[Result "1/2-1/2"]
[WhiteElo "2439"]
[BlackElo "2444"]
[PlyCount "93"]
[EventDate "2005.09.26"]

1. e4 c5 2. Nc3 Nc6 3. Nge2 Nf6 4. g3 d6 5. Bg2 g6 6. d4 cxd4 7. Nxd4 Bg4 8.
Nde2 Bg7 9. h3 Bd7 10. O-O O-O 11. a4 Rc8 12. Nd5 Nxd5 13. exd5 Ne5 14. Ra2 e6
15. Nf4 exd5 16. Nxd5 Rc4 17. c3 Rc8 18. b3 Bc6 19. c4 Re8 20. Re2 Bxd5 21.
Qxd5 Nc6 22. Rxe8+ Qxe8 23. Be3 Bf8 24. Rb1 b6 25. Qb5 h5 26. Rd1 Ne5 27. Qxe8
Rxe8 28. Kf1 Rb8 29. Ke2 Nd7 30. b4 a5 31. Bc6 Ne5 32. Bd5 axb4 33. Rb1 Nd7 34.
Rxb4 Be7 35. Bc6 Ne5 36. Bd5 Nd7 37. f4 Bd8 38. Kf3 Kf8 39. g4 hxg4+ 40. hxg4
Nc5 41. a5 Na6 42. Rb5 bxa5 43. Ba7 Rc8 44. Bb6 Bxb6 45. Rxb6 Nc5 46. Rxd6 a4
47. Rb6 1/2-1/2

[Event "VSK Sveti Nikolaj-Borac"]
[Site "?"]
[Date "2005.09.26"]
[Round "2.5"]
[White "Lajthajm, Borko"]
[Black "Narandzic, Vlado"]
[Result "1-0"]
[WhiteElo "2455"]
[BlackElo "2346"]
[PlyCount "87"]
[EventDate "2005.09.26"]

1. d4 Nf6 2. c4 g6 3. Nc3 Bg7 4. e4 d6 5. h3 Nbd7 6. Nf3 O-O 7. Bg5 c6 8. Be2
e5 9. d5 cxd5 10. cxd5 a5 11. Nd2 Nc5 12. O-O Bd7 13. a4 Qc7 14. Ra3 h6 15. Be3
Ne8 16. Bb5 Rd8 17. Bxd7 Rxd7 18. Nb5 Qb8 19. Bxc5 dxc5 20. Nc4 b6 21. Rb3 Bf6
22. Qg4 Rb7 23. d6 Ng7 24. f4 exf4 25. e5 Bd8 26. Qxf4 Ne6 27. Qe4 Qc8 28. Qd5
Rd7 29. Rg3 Kg7 30. Qd3 Qc6 31. Rxf7+ Rdxf7 32. Qxg6+ Kh8 33. Qxe6 Bg5 34. Rxg5
hxg5 35. Qh6+ Kg8 36. Nc3 g4 37. hxg4 Rg7 38. Qe6+ Kh8 39. b3 Qa8 40. Nd5 b5
41. axb5 a4 42. bxa4 Qxa4 43. Qh6+ Kg8 44. Ne7+ 1-0

[Event "VSK Sveti Nikolaj-Borac"]
[Site "?"]
[Date "2005.09.26"]
[Round "2.5"]
[White "Bozic, Milan"]
[Black "Radovanovic, Dusan"]
[Result "1/2-1/2"]
[WhiteElo "2394"]
[BlackElo "2368"]
[PlyCount "77"]
[EventDate "2005.09.26"]

1. e4 c6 2. d4 d5 3. e5 c5 4. dxc5 e6 5. Be3 Nd7 6. Bb5 Qc7 7. Nf3 Bxc5 8. Bxc5
Qxc5 9. Nc3 Ne7 10. O-O Nc6 11. Re1 a6 12. Bxc6 bxc6 13. Na4 Qa5 14. c4 Bb7 15.
b4 Qd8 16. cxd5 cxd5 17. Rc1 O-O 18. Nc5 Bc8 19. Nd4 Nb6 20. Rc3 Qe7 21. f4 Nc4
22. Qf3 Nd2 23. Qd3 Nc4 24. f5 exf5 25. Nc6 Qh4 26. g3 Qg5 27. Qxd5 Qd2 28.
Qxd2 Nxd2 29. Re2 Ne4 30. Nxe4 fxe4 31. Ne7+ Kh8 32. Rxe4 Be6 33. a3 Rfd8 34.
Re2 Rd1+ 35. Kf2 g5 36. Rec2 Rad8 37. Nc6 R8d5 38. Rc5 R1d3 39. R5c3 1/2-1/2

[Event "MetalacTakovo-VSKSvNikolaj"]
[Site "?"]
[Date "2005.09.26"]
[Round "3.1"]
[White "Kojovic, Dragan"]
[Black "Iordachescu, Viorel"]
[Result "0-1"]
[WhiteElo "2324"]
[BlackElo "2606"]
[PlyCount "114"]
[EventDate "2005.09.26"]

1. e4 g6 2. d4 Bg7 3. Nc3 c6 4. Bc4 d6 5. Qf3 e6 6. Nge2 Nd7 7. Bb3 Ngf6 8. Bg5
h6 9. Bh4 Qc7 10. h3 e5 11. dxe5 dxe5 12. a4 O-O 13. O-O Nc5 14. Ba2 Ne6 15.
Rfd1 Ng5 16. Qe3 Nh5 17. Kh1 Bf6 18. Rd3 Ng7 19. Rad1 N7e6 20. Bxe6 Bxe6 21.
Ng1 a5 22. b3 Rad8 23. Bg3 Kg7 24. Rxd8 Rxd8 25. Rxd8 Qxd8 26. h4 Nh7 27. Nf3
Nf8 28. Qc5 Nd7 29. Qa7 Qc7 30. Nd4 Bg4 31. f3 Qd6 32. Nde2 Be6 33. Qxb7 Qd2
34. Qxc6 Qxc2 35. Kh2 Qxb3 36. Nd5 Bxd5 37. exd5 Nb8 38. Qc7 Qb4 39. Nc3 Na6
40. Qc8 Nc5 41. Nb5 Nd3 42. Nc7 Bxh4 43. Ne8+ Kh7 44. Bxh4 Qxh4+ 45. Kg1 h5 46.
Qc7 Qd4+ 47. Kh2 Qf4+ 48. Kg1 h4 49. Qe7 Qc1+ 50. Kh2 Qf4+ 51. Kg1 Qc1+ 52. Kh2
Qf4+ 53. Kg1 h3 54. Nf6+ Kg7 55. Ne8+ Kh6 56. Qf8+ Kg5 57. Qe7+ f6 0-1

[Event "VSKSvNikolaj-MetalacTakovo"]
[Site "?"]
[Date "2005.09.26"]
[Round "3.1"]
[White "Stojanovic, Mihajlo"]
[Black "Rabrenovic, Vladan"]
[Result "1-0"]
[WhiteElo "2519"]
[BlackElo "2319"]
[PlyCount "73"]
[EventDate "2005.09.26"]

1. Nf3 Nf6 2. c4 g6 3. Nc3 Bg7 4. e4 c5 5. d4 cxd4 6. Nxd4 d6 7. Be2 Nc6 8. Be3
Nxd4 9. Bxd4 O-O 10. O-O Be6 11. Rc1 Qa5 12. f4 Rfc8 13. b3 a6 14. Qd3 Rab8 15.
Ba7 Ra8 16. Bd4 Rab8 17. f5 Bd7 18. Qe3 b5 19. Rc2 bxc4 20. Bxc4 Ng4 21. Qd2
Bxd4+ 22. Qxd4 Qc5 23. Qxc5 Rxc5 24. fxg6 hxg6 25. Bxf7+ Kg7 26. Bc4 Ne3 27.
Rf7+ Kh6 28. Rd2 Nxc4 29. bxc4 Re8 30. Nd5 Rxc4 31. Rxe7 Rxe7 32. Nxe7 Rxe4 33.
Nd5 Re6 34. Kf2 a5 35. Nb6 Rf6+ 36. Kg3 a4 37. Nxd7 1-0

[Event "VSKSvNikolaj-MetalacTakovo"]
[Site "?"]
[Date "2005.09.26"]
[Round "3.1"]
[White "Kostic, Vladimir"]
[Black "Irizanin, Radoje"]
[Result "1-0"]
[WhiteElo "2439"]
[BlackElo "2228"]
[PlyCount "103"]
[EventDate "2005.09.26"]

1. Nf3 Nf6 2. c4 e6 3. g3 b6 4. Bg2 Bb7 5. O-O Be7 6. b3 O-O 7. Bb2 c5 8. d4
cxd4 9. Qxd4 Nc6 10. Qf4 Qb8 11. Nc3 Qxf4 12. gxf4 Nb4 13. Rad1 Rfd8 14. Nd4
Bxg2 15. Kxg2 a6 16. Kf3 Bc5 17. a3 Nc6 18. Nxc6 dxc6 19. Na4 Be7 20. Bd4 b5
21. Nb6 Rab8 22. c5 Nd5 23. b4 Bf6 24. Nxd5 Rxd5 25. Bxf6 gxf6 26. e4 Rxd1 27.
Rxd1 a5 28. Rd6 axb4 29. axb4 Rc8 30. f5 exf5 31. Rxf6 fxe4+ 32. Kxe4 Kg7 33.
Rd6 Rc7 34. f4 Re7+ 35. Kf5 Rc7 36. Kg5 Ra7 37. f5 h6+ 38. Rxh6 Ra4 39. Rxc6
Rxb4 40. f6+ Kh7 41. Rc7 Rc4 42. Rxf7+ Kg8 43. Rc7 b4 44. Kg6 Rg4+ 45. Kf5 Rc4
46. Ke6 Re4+ 47. Kd5 Rf4 48. f7+ Kf8 49. Rb7 b3 50. c6 Rf5+ 51. Ke6 b2 52. Kxf5
1-0

[Event "MetalacTakovo-VSKSvNikolaj"]
[Site "?"]
[Date "2005.09.26"]
[Round "3.1"]
[White "Radivojevic, Miladin"]
[Black "Lajthajm, Borko"]
[Result "0-1"]
[WhiteElo "2172"]
[BlackElo "2455"]
[PlyCount "76"]
[EventDate "2005.09.26"]

1. e4 d5 2. exd5 Qxd5 3. Nc3 Qd6 4. d4 Nf6 5. Nf3 a6 6. Bg5 Bg4 7. Be2 Nbd7 8.
O-O e6 9. a4 Be7 10. Qd2 c5 11. Bf4 Qc6 12. a5 O-O 13. Rfe1 Rfd8 14. Qc1 Qc8
15. Ra4 b5 16. axb6 Nxb6 17. Ra2 cxd4 18. Na4 Nbd5 19. Bd2 Nb4 20. Bxb4 Bxb4
21. Nb6 Qc5 22. Nxa8 Bxe1 23. Qxe1 Rxa8 24. b4 Qb6 25. b5 a5 26. h3 Bxf3 27.
Bxf3 Nd5 28. Ra4 g6 29. Bxd5 exd5 30. Qe5 Qxb5 31. Rxd4 Qb1+ 32. Kh2 Qxc2 33.
Qxd5 Qc7+ 34. g3 Qa7 35. Rf4 Rf8 36. h4 a4 37. h5 a3 38. h6 a2 0-1

[Event "VSKSvNikolaj-MetalacTakovo"]
[Site "?"]
[Date "2005.09.26"]
[Round "3.1"]
[White "Bozic, Milan"]
[Black "Mirkovic, Stevan"]
[Result "1-0"]
[WhiteElo "2394"]
[BlackElo "2114"]
[PlyCount "58"]
[EventDate "2005.09.26"]

1. e4 c5 2. Nf3 Nc6 3. d4 cxd4 4. Nxd4 g6 5. Nc3 Bg7 6. Nb3 Nf6 7. Be2 O-O 8.
O-O d6 9. Re1 Be6 10. Bg5 a5 11. a4 Nd7 12. Bb5 Nce5 13. Nd5 Bxd5 14. Qxd5 Rb8
15. c3 Nb6 16. Qd1 Nec4 17. Qe2 Rc8 18. Rad1 Qc7 19. Nc1 Rfd8 20. Nd3 Ne5 21.
f4 Nxd3 22. Rxd3 Qc5+ 23. Kh1 f6 24. Bh4 Kh8 25. Bf2 Qc7 26. Qg4 Nd7 27. Rh3
Nf8 28. f5 Kg8 29. b3 g5 1-0

[Event "Sloboda Bohor-Jasenice"]
[Site "?"]
[Date "2005.09.26"]
[Round "3.3"]
[White "Misailovic, Nebojsa"]
[Black "Vajda, Albert"]
[Result "1/2-1/2"]
[WhiteElo "2357"]
[BlackElo "2439"]
[PlyCount "24"]
[EventDate "2005.09.26"]

1. e4 c6 2. d4 d5 3. Nc3 dxe4 4. Nxe4 Nf6 5. Nxf6+ exf6 6. c3 Bd6 7. Bd3 Be6 8.
Ne2 Qc7 9. Qc2 Nd7 10. Be3 Bg4 11. Bf5 Bxf5 12. Qxf5 O-O 1/2-1/2